El sapo distraído / (Registro nro. 3228)

Detalles MARC
000 -LEADER
fixed length control field 01043nam a2200289Ia 4500
003 - CONTROL NUMBER IDENTIFIER
control field OSt
005 - DATE AND TIME OF LATEST TRANSACTION
control field 20200602140415.0
008 - FIXED-LENGTH DATA ELEMENTS--GENERAL INFORMATION
fixed length control field 191128s9999 xx 000 0 und d
020 ## - INTERNATIONAL STANDARD BOOK NUMBER
International Standard Book Number 9789588445687
040 ## - CATALOGING SOURCE
Original cataloging agency CO-JMCR
Transcribing agency CO-JMCR
041 ## - LANGUAGE CODE
Language code of text/sound track or separate title spa
082 ## - DEWEY DECIMAL CLASSIFICATION NUMBER
Classification number C /
Item number RONs
100 ## - MAIN ENTRY--PERSONAL NAME
Personal name Rondón, Javier, autor
9 (RLIN) 4915
245 #0 - TITLE STATEMENT
Title El sapo distraído /
245 #0 - TITLE STATEMENT
Statement of responsibility, etc. Javier Rondón ; Ilustraciones de Marcela Cabrera
260 ## - PUBLICATION, DISTRIBUTION, ETC.
Place of publication, distribution, etc. Bogota
260 ## - PUBLICATION, DISTRIBUTION, ETC.
Name of publisher, distributor, etc. Ekaré ;
260 ## - PUBLICATION, DISTRIBUTION, ETC.
Date of publication, distribution, etc. 1988
300 ## - PHYSICAL DESCRIPTION
Extent 21 páginas
300 ## - PHYSICAL DESCRIPTION
Other physical details Ilustraciones a color
300 ## - PHYSICAL DESCRIPTION
Dimensions 18 cm.
490 ## - SERIES STATEMENT
Series statement Leer es mi cuneto Plan Nacional de Lectura Escrita
500 ## - GENERAL NOTE
General note Incluye biográfia del autor en contraportada
520 ## - SUMMARY, ETC.
Summary, etc. "Una mañana, un sapo decide hacer el mercado. Hace su lista, pone un clavel en su gorrita, en su patica un cascabel, y sale brincando hacia la plaza del mercado. Allí descubre un mundo alborotado lleno de gente y sonidos, sabores y colores… En la confusió
650 ## - SUBJECT ADDED ENTRY--TOPICAL TERM
Topical term or geographic name entry element cuentos infantiles
9 (RLIN) 4916
942 ## - ADDED ENTRY ELEMENTS (KOHA)
Source of classification or shelving scheme Dewey Decimal Classification
Koha item type Books
Existencias
Withdrawn status Lost status Source of classification or shelving scheme Damaged status Not for loan Collection code Home library Current library Date acquired Source of acquisition Cost, normal purchase price Total Checkouts Full call number Barcode Date last seen Date last checked out Copy number Koha item type
    Dewey Decimal Classification     Fiction Biblioteca Pública José María del Castillo y Rada Biblioteca Pública José María del Castillo y Rada 11/28/2019 Donación 0.00 9 C / RONs 201506899 02/06/2026 02/05/2026 Ej.1 Books